Doom (2016) - Levels - Statistics

General Stats
  • This quiz has been taken 42 times
  • The average score is 8 of 13
Answer Stats
Levels % Correct
Argent Energy Tower
81%
Foundry
81%
Argent D'Nur
77%
The UAC
77%
Argent Facility
65%
Lazarus Labs
65%
Argent Facility (Destroyed)
58%
The Necropolis
58%
Titan's Realm
58%
Kadingir Sanctum
54%
Advanced Research Complex
46%
VEGA Central Processing
46%
Resource Operations
42%
No matching quizzes found
Score Distribution
Percent of People with Each Score
Percentile by Number Answered
Your Score History
You have not taken this quiz